000 00453nam a2200157Ia 4500
005 20250630012121.0
008 240331s9999 xx 000 0 und d
020 _a9552006120
082 _a294
_bBAL
100 _a Balangoda Sobith, Thera
245 0 _aBudu dahamin pilibibuwana pelabeem niyaya
260 _aColombo
_bS. Godage & Brothers
_c1991
300 _a224 p .,
500 _aThe Theory of Temptations Reflected in Buddhism Balangoda
942 _cL
999 _c880
_d880